How I Met Your Mother Quiz Hard - Statistics

General Stats
  • This quiz has been taken 207 times
  • The average score is 7 of 15
Answer Stats
Hint Answer % Correct
what color sweater does robin wear when she first appears on screen green
84%
actor for barney neil patrick harris
81%
actor for ted josh radnor
80%
actor for robin cobie smulders
75%
actor for marshall jason segel
71%
robins bff on space teens (full name) jessica glitter
71%
what color dress does lily wear on the b-day where amanda shows up pink
67%
actor for lily alyson hannigan
66%
blah blah real name is carol
58%
ted says " i hate working for gnb there a bunch of __________________ wieners and gonads
39%
the captains real name george
30%
Zoe's last name peirson
13%
in the farhampton inn room 13 is haunted by (full name) captain deerduff
7%
the full name of the person who lived in the apartment (above maclarens) before lily, marshall, and ted marrisa heller
7%
the name of robins stalker lenord
2%
No matching quizzes found
Score Distribution
Percent of People with Each Score
Percentile by Number Answered
Your Score History
You have not taken this quiz